• 首页
  • 本馆介绍
  • 公告通知
  • 最新文献
  • 馆藏检索
  • 电子资源
  • 读者荐购
  • 参考咨询
  • CALIS
  • 我的图书馆
  • 登录
  • 详细信息显示
  • 放入我的书架
  • 预约/预借图书
  • 作者相关作品
  • 分类相关作品
  • 丛书相关作品
  • 出版社相关作品

书目信息

  • 表格格式
  • 工作单格式
  • 卡片格式
题名:
建筑写生室内与室外
    
 
作者: 孙炳明 , 杨志宏 编著
分册:  
出版信息: 石家庄   河北美术出版社  2004.6
页数: 87页
开本: 29cm
丛书名:
单 册:
中图分类: TU767
科图分类:
主题词: 建筑写生
电子资源:
ISBN: 7-5310-2324-5
 
 
 
 
 
000 00676nam2 2200217 45
001 012004000000
005 20060530090849.35
010    @a7-5310-2324-5@dCNY 26.00
100    @a20041220d2004 em y0chiy0121 ea
101 0  @achi
102    @aCN@b130000
105    @aak z 000yy
200 1  @a建筑写生室内与室外@Ajian zhu xie sheng shi nei yu shi wai@f孙炳明,杨志宏编著@Fsun bing ming,yang zhi hong bian zhu
210    @a石家庄@c河北美术出版社@d2004.6
215    @a87页@c图, 表格@d29cm
606 0  @a建筑写生
690    @aTU767@v4
701  0 @a孙炳明@Asun bing ming@4编著
701  0 @a杨志宏@Ayang zhi hong@4编著
801    @aCN@bQSSKt@c20060530
905    @a10447@dTU767@eS904
    
    建筑写生室内与室外/孙炳明,杨志宏编著.-石家庄:河北美术出版社,2004.6
    87页:图, 表格;29cm
    
    
    ISBN 7-5310-2324-5:CNY 26.00
    
●
相关链接 在E读中查询图书 在当当中查询图书 在豆瓣中查询图书


正题名:建筑写生室内与室外     索取号:TU767/S904         预约/预借

序号 登录号 条形码 馆藏地/架位号 状态 备注
1 434604   204346047   自科二线404/404自科库 11排3列1层/ [索取号:TU767/S904] 在馆    
2 602372   206023729   建筑库201/201建筑库 46排1列5层/ [索取号:TU767/S904] 在馆    
3 602373   206023738   建筑库201/201建筑库 46排1列5层/ [索取号:TU767/S904] 在馆    
4 602374   206023747   建筑库201/201建筑库 46排1列5层/ [索取号:TU767/S904] 在馆    
河南城建学院图书馆 欢迎您!
大连网信软件有限公司© 版权所有